000 00785nam a22001937a 4500
005 20250826142523.0
008 250826b |||||||| |||| 00| 0 eng d
037 _cREF
040 _aAL
_cAL
084 _aP153:4 P9(RR)
_qAL
100 _aਖਹਿਰਾ , ਦਲਜੀਤ ਸਿਂਘ
_9818925
245 _aਕੋਸ਼ਕਾਰੀ ਅਤੇ ਪੰਜਾਬੀ ਕੋਸ਼ਕਾਰੀ
260 _aਚੰਡੀਗਢ, ਭਾਰਤ:
_bਲੋਕਗੀਤ ਪ੍ਰਕਾਸ਼ਨ,
_c2009
300 _a304 ਪ.
365 _b300.00
_cINR
650 _2ਪੰਜਾਬੀ ਭਾਸ਼ਾ
942 _2CC
_cREF
_hP153:4 P9(RR)
_n0
999 _c1434891
_d1434891